000 02339cam a22005174i 4500
003 PE-LiUPU
005 20250731165519.0
008 150623s r 000 0 d
020 _a1841271519
035 _a(Sirsi) i9781841271514
040 _aPE-LiUPU
_bspa
_cPE-LiUPU
_erda
049 _aPRUA
082 0 4 _a225.077
_bJ
_221
100 1 _aDowning, Francis Gerald,
_eautor.
245 1 0 _aDoing things with words in the first christian century.
_n200 /
_cFrancis Gerald Downing.
264 1 _aSheffield, England :
_bSheffield Academic Press,
_c2000.
300 _a268 páginas ;
_c23 centímetros
336 _atext
_2rdacontent
337 _aunmediated
_2rdamedia
338 _avolume
_2rdacarrier
490 0 _aJournal for the Study of the New Testament. Supplement series ;
_v200
504 _aincluye bibliografía.
505 0 _aA bas les aristos. Words as deeds and deeds as words. Words and meanings. Word-processing in the ancient world: The social production and performance of Q. A genre for Q and a socio-cultural context for Q: comparing sets of similarities with sets of differences. Markan intercalation in cultural context. A rival to Romulus. Compositional conventions and the synoptic problem. A paradigm perplex: Luke, Matthew an Mark. Theophilus's first hearing of Luke-Acts. Shifting sands.
526 _aSEG44
526 _aSEG26
526 _aP151
526 _aP150
526 _aP149
526 _aP146
526 _aP145
526 _aP126
526 _aP125
526 _aP92
526 _aP75
526 _aP74
526 _aP27
526 _aP15
630 _aBiblia.
_pN.T.
_pEvangelios
_xCrítica, interpretación, etc.
650 0 4 _aVida cristiana
_xHistoria
_yÉpoca apostólica ca.30-600.
942 _2ddc
_cBOOK
949 _aRC 225.077 J 200
_wDEWEY
_c1
_i51017
_lCCODEBUL1
_mBUL
_r0
_sY
_tBOOK
_u2015-6-24
_xTEOLOGIA
_PP35
_0COMPRA
_o.CIRCNOTE. No olvidar cambiar la fecha de devolución!!!!!!!
_o.STAFF. Colección General
994 _aC0
_bPEPRU
596 _a1
999 _aRC 225.077 J 200
_wDEWEY
_c32703
_i51017
_f2021-11-8
_g6
_lCCODEBUL1
_mBUL
_r1
_sY
_tBOOK
_u2015-6-24
_xTEOLOGIA
_PP35
_0COMPRA
_o.CIRCNOTE. No olvidar cambiar la fecha de devolución!!!!!!!
_o.STAFF. Colección General
_d32703
980 _81
_gALBERTO SANCHEZ Responsable de Automatización